000 00513nam a2200181Ia 4500
005 20250508161834.0
008 008 250505s9999 xx 000 0 eng d
037 _aTextual
040 _aFEDL
_beng
_cFEDL
041 _aeng
_2eng
084 _a329, SCA
_qFEDL
100 _aScarrow Howard A.
_955298
245 0 _aComparative politcal analysis : An introduction
260 _aNew York, USA
_bHarper and Row
_c1969
300 _axii,143p.
942 _cTEXL
_h329, SCA
999 _c1372573
_d1372573